Sharjah Art Foundation Library

نقد نقد العقل العربي: اشكاليات العقل العربي/ (Record no. 6637)

MARC details
000 -LEADER
fixed length control field 00680nam a2200193Ia 4500
001 - CONTROL NUMBER
control field 6637
008 - FIXED-LENGTH DATA ELEMENTS--GENERAL INFORMATION
fixed length control field 260622s9999 xx 000 0 und d
020 ## - INTERNATIONAL STANDARD BOOK NUMBER
International Standard Book Number 9781855165595
245 #0 - TITLE STATEMENT
Title نقد نقد العقل العربي: اشكاليات العقل العربي/
Statement of responsibility, etc. جورج طرابيشي
250 ## - EDITION STATEMENT
Edition statement الطبعة الثالثة؛
260 ## - PUBLICATION, DISTRIBUTION, ETC.
Place of publication, distribution, etc. بيروت؛
Name of publisher, distributor, etc. دار الساقي؛
Date of publication, distribution, etc. 2007
300 ## - PHYSICAL DESCRIPTION
Extent 320p;
Dimensions 24x17cm
520 ## - SUMMARY, ETC.
Summary, etc. Nuances of Arab Critical thought/ Georges Tarabichi
546 ## - LANGUAGE NOTE
Language note Arabic
650 ## - SUBJECT ADDED ENTRY--TOPICAL TERM
Topical term or geographic name entry element PJ7501-8517 Arabic literature
655 ## - INDEX TERM--GENRE/FORM
Genre/form data or focus term Articles مقالات
9 (RLIN) 9420
700 ## - ADDED ENTRY--PERSONAL NAME
Personal name Tarabichi, Georges جورج طرابيشي
9 (RLIN) 9493
942 ## - ADDED ENTRY ELEMENTS (KOHA)
Koha item type Book
Holdings
Withdrawn status Lost status Damaged status Not for loan Collection Home library Current library Date acquired Total Checkouts Full call number Barcode Date last seen Price effective from Koha item type
        Language and Literature SAF Reference Library SAF Reference Library 06/22/2026   PJ7501-8517 200.273 6637 06/22/2026 06/22/2026 Book

Copyright © 2022. Sharjah Art Foundation. All Rights Reserved.